Christian education : (Record no. 9933)
[ view plain ]
| 000 -LEADER | |
|---|---|
| fixed length control field | 01628cam a2200301 i 4500 |
| 001 - CONTROL NUMBER | |
| control field | 1088529890 |
| 003 - CONTROL NUMBER IDENTIFIER | |
| control field | OCoLC |
| 005 - DATE AND TIME OF LATEST TRANSACTION | |
| control field | 20241126110721.0 |
| 008 - FIXED-LENGTH DATA ELEMENTS--GENERAL INFORMATION | |
| fixed length control field | 190206t20192019miua b 001 0 eng |
| 010 ## - | |
| -- | 2019005913 |
| 020 ## - INTERNATIONAL STANDARD BOOK NUMBER | |
| International Standard Book Number | 9780801095597 |
| Qualifying information | (hardcover) |
| 020 ## - INTERNATIONAL STANDARD BOOK NUMBER | |
| International Standard Book Number | 080109559X |
| Qualifying information | (hardcover) |
| 035 ## - SYSTEM CONTROL NUMBER | |
| System control number | (OCoLC)1088529890 |
| 040 ## - CATALOGING SOURCE | |
| Original cataloging agency | DLC |
| Language of cataloging | eng |
| Description conventions | rda |
| Transcribing agency | DLC |
| Modifying agency | OCLCO |
| -- | OCLCF |
| -- | OCLCQ |
| -- | YDX |
| -- | BBW |
| -- | OCLCQ |
| -- | KAT |
| -- | LNT |
| 042 ## - | |
| -- | pcc |
| 082 ## - DEWEY DECIMAL CLASSIFICATION NUMBER | |
| Classification number | 268 |
| Item number | CHR |
| 092 ## - LOCALLY ASSIGNED DEWEY CALL NUMBER (OCLC) | |
| Classification number | 268 |
| Item number | C553 |
| 245 00 - TITLE STATEMENT | |
| Title | Christian education : |
| Remainder of title | a guide to the foundations of ministry / |
| Statement of responsibility, etc. | edited by Freddy Cardoza |
| 264 #1 - PRODUCTION, PUBLICATION, DISTRIBUTION, MANUFACTURE, AND COPYRIGHT NOTICE | |
| Place of production, publication, distribution, manufacture | Grand Rapids, Michigan : |
| Name of producer, publisher, distributor, manufacturer | Baker Academic a Division of Baker Publishing Group, |
| Date of production, publication, distribution, manufacture, or copyright notice | [2019] |
| 264 #4 - PRODUCTION, PUBLICATION, DISTRIBUTION, MANUFACTURE, AND COPYRIGHT NOTICE | |
| Date of production, publication, distribution, manufacture, or copyright notice | ℗♭2019 |
| 300 ## - PHYSICAL DESCRIPTION | |
| Extent | xv, 381 pages : |
| Other physical details | illustrations ; |
| Dimensions | 25 cm |
| 504 ## - BIBLIOGRAPHY, ETC. NOTE | |
| Bibliography, etc. note | Includes bibliographical references and index |
| 520 ## - SUMMARY, ETC. | |
| Summary, etc. | This introductory textbook solidly situates Christian education in the church and ministry context of the 21st century. With over 20 years of ministry, teaching, and leadership experience, Freddy Cardoza is uniquely qualified to bring together a wide range of Christian educators. This volume features the expertise of 25 evangelical scholars of Christian education, including diverse, next-generation voices in the field. It provides balanced biblical-theological and practical perspectives for church and parachurch leaders, equipping them to meet the ever-changing needs of our world. -- |
| Assigning source | Provided by publisher |
| 650 #0 - SUBJECT ADDED ENTRY--TOPICAL TERM | |
| Topical term or geographic name entry element | Education (Christian theology) |
| 9 (RLIN) | 6412 |
| 650 #0 - SUBJECT ADDED ENTRY--TOPICAL TERM | |
| Topical term or geographic name entry element | Christian education |
| 9 (RLIN) | 3220 |
| 700 1# - ADDED ENTRY--PERSONAL NAME | |
| Personal name | Cardoza, Freddy, |
| Relator term | editor |
| 9 (RLIN) | 17264 |
| 942 ## - ADDED ENTRY ELEMENTS (KOHA) | |
| Source of classification or shelving scheme | Dewey Decimal Classification |
| Koha item type | Books |
| Koha issues (borrowed), all copies | 9 |
| Withdrawn status | Lost status | Source of classification or shelving scheme | Damaged status | Not for loan | Home library | Current Library | Shelving location | Date acquired | Total checkouts | Total renewals | Full call number | Barcode | Date last seen | Date last checked out | Copy number | Price effective from | Koha item type |
|---|---|---|---|---|---|---|---|---|---|---|---|---|---|---|---|---|---|
| Dewey Decimal Classification | GRACE BIBLE COLLEGE | GRACE BIBLE COLLEGE | Ministry & Mission | 2023-09-18 | 14 | 3 | 268 CHR | 020549 | 2026-03-02 | 2026-02-23 | c.1 | 2023-09-18 | Books |